| 000 | 00764nam a2200217 i 4500 | ||
|---|---|---|---|
| 001 | 51903 | ||
| 003 | ES-MaACL | ||
| 005 | 20250815062636.0 | ||
| 007 | t| | ||
| 008 | 030820s1899 sp ||||1| spa d | ||
| 100 | 1 |
_aDarwin, Charles, _d1809-1882 _942770 |
|
| 245 | 1 | 0 |
_aViaje de un naturalista alrededor del mundo _b: . Tomo primero / _cpor Carlos Darwin. |
| 260 |
_aMadrid : _bLa España Moderna, _c1899 ( _fAgustín Avrial) |
||
| 300 |
_a251 p. ; _c23 cm. |
||
| 490 | 1 | _aBiblioteca de jurisprudencia, filosofía e historia | |
| 611 | 2 |
_aBeagle Expedition. _d(1831-1836) _939 |
|
| 651 | 4 |
_aAmérica del Sur- _xDescripción. _97712 |
|
| 830 | 0 | 0 |
_aBiblioteca de jurisprudencia, filosofía e historia _9180691 |
| 852 |
_aES-MaACL _jC-7304 |
||
| 999 |
_c51903 _d51903 |
||